00191nam a22000857a 4500040000800000082001200008100002500020245005100045300000900096 cdlc a909.829 aSamuel P. Huntington aThe Clash of Civilizations and the remaking  a367p